Special Lectures 2003 The Law of Evidence

Bibliographic Details
Format: eBook
Language:English
Published: Toronto: Irwin Law Inc., 2004
Subjects:
Online Access:Acceso restringido

MARC

LEADER 00000nam a22000007a 4500
005 20210831221329.0
007 cr|||| ||||
008 210831s2004 ca |||||s|||| 00||0 eng d
020 |a 9781459313736 
035 |a 35321 
040 |a vLex 
090 |c 12184  |d 12184 
245 0 0 |a Special Lectures 2003  |h [Recurso electrn̤ico] :  |b The Law of Evidence 
256 |a Servicio en ln̕ea 
260 |a Toronto:  |b Irwin Law Inc.,  |c 2004 
300 |a 1 recurso electrn̤ico 
500 |a There have been many legal and technological developments since the Law Society of Upper Canada last presented its Special Lectures in Evidence almost ten years ago. Special Lectures 2003: The Law of Evidence examines evidentiary issues of current relevance to barristers involved in every type of litigious matter. 
506 1 |a Disponible solo en los productos indicados  |d vLex Global  |d vLex Global (Academic Edition, excluding Law Schools)  |d vLex Global (U.S. Academic Edition, Law Schools)  |d vLex Global (U.S. Academic Edition, excluding Law Schools)  |d vLex Global (Academic Edition, Law Schools) 
650 0 4 |a Derecho Penal  |z Canad̀ 
740 0 |a vLex Libros (Servicio en ln̕ea) 
856 4 0 |u https://app.vlex.com/#/sources/35321  |z Acceso restringido 
942 |c BOOK 
999 0 |a Criminal law